00310pab a2200121 454500008004000000100002200040245005300062260000900115300001400124362001200138650001100150773002700161180718b2009 xxu||||| |||| 00| 0 eng d aHaokip, George T. aThe institution of chieftainship in Kuki society c2009 ap.273-77. aApr-Jun aTribes aEastern Anthropologist